|
|
|
|
| LEADER |
00000nab a2200000 a 4500 |
| 001 |
vtls000544324 |
| 003 |
SK-MaSNL |
| 005 |
20260304091927.0 |
| 008 |
250425c1995 xo 0 slo |
| 015 |
|
|
|a SNBRB19rr/mm-uuuuu
|
| 035 |
|
|
|a CL0544462
|
| 035 |
|
|
|a urn:nbn:sk:snk-abbp37
|
| 035 |
|
|
|a (urnnbn)urn:nbn:sk:snk:ar-006bk6
|
| 035 |
|
|
|a (uuid)6f8b1466-832b-43ce-a93a-bc12580ed6ab
|
| 040 |
|
|
|a SNKBUCL
|b slo
|c SNKBUCL
|e AACR2
|
| 041 |
0 |
|
|a slo
|
| 044 |
|
|
|a xo
|c SK
|
| 080 |
|
|
|a 78.071.2:784.66
|2 1981
|
| 080 |
|
|
|a 784.66
|2 1981
|
| 100 |
1 |
|
|a Jaslovský, Marian,
|d 1963-
|4 aut
|9 102033
|
| 245 |
1 |
0 |
|a Nielen o Living Colour
|b Farebná magma Vernona Reida
|c Marian Jaslovský
|
| 300 |
|
|
|b Fotogr. 6
|
| 500 |
|
|
|a Začiatok
|
| 650 |
0 |
7 |
|a Living Colour (hudobná skupina)
|2 snkbucl
|9 1384939
|
| 655 |
|
7 |
|a články z novín a časopisov
|2 snkbucl
|9 267496
|
| 773 |
0 |
|
|t Dotyky
|g Roč. 7, č. 1 (1995), s. 38-41
|
| 850 |
|
|
|a Slovenská národná knižnica
|
| 852 |
|
|
|a Slovenská národná knižnica
|
| 958 |
|
|
|a article15
|
| 958 |
|
|
|a RK
|
| 958 |
|
|
|a US
|
| 958 |
|
|
|a OND
|
| 958 |
|
|
|a EUIPO
|
| 992 |
|
|
|a RBX
|
| 999 |
|
|
|c 2817439
|d 2819369
|